| 000 | 00697cam a22002531 4500 | ||
|---|---|---|---|
| 001 | sa 64007722 | ||
| 003 | DLC | ||
| 005 | 20260227112049.0 | ||
| 008 | 920320s1962 pk b 000 0 urdr | ||
| 010 | _asa 64007722 | ||
| 035 | _a(OCoLC)25506870 | ||
| 040 |
_aDLC _cWaU _dDLC |
||
| 042 | _apremarc | ||
| 043 | _aa-pk--- | ||
| 050 | 0 | 0 |
_aPK2170 _b.F37 |
| 100 | 0 |
_aFarmān Fatiḥpūrī, _d1926-2013. |
|
| 245 | 1 | 0 |
_aUrdū rubāʻī, _bfannī va tārīk̲h̲ī. _caz Farmān Fatḥpūrī. |
| 260 |
_aKarācī, _c[1962] |
||
| 300 |
_a12, 258 p. _c19 cm. |
||
| 500 | _aIn Urdu. | ||
| 504 | _aBibliography: p. 255-258. | ||
| 650 | 0 |
_aUrdu poetry _xHistory and criticism. |
|
| 650 | 0 | _aQuatrain. | |
| 999 |
_c60440 _d60440 |
||